The house of hidden mothers /

"A novel about a forty-eight-year-old woman, Shyama, whose decision to use a surrogate mother from India in order to have a child with her younger boyfriend causes her life to intersect with Mala's, a young girl trapped in an oppressive marriage in a rural village in India who dreams of es...

Full description

Bibliographic Details
Main Author: Syal, Meera (Author)
Format: Book
Language:English
Published: New York : Sarah Crichton Books/Farrar, Strauss and Giroux, 2016.
Edition:First American edition.
Subjects:
Online Access:Cover image

MARC

Tag First Indicator Second Indicator Subfields
LEADER 00000cam a22000008i 4500
001 in00003795921
005 20160630134942.0
008 151105s2016 nyu 000 1 eng
010 |a  2015039002 
035 |a (OCoLC)ocn918994995 
040 |a DLC  |b eng  |e rda  |c DLC  |d YDXCP  |d BTCTA  |d BDX  |d OCLCQ  |d NOG  |d OCLCO  |d HEV  |d OCLCO 
019 |a 951033119 
020 |a 9780374172978  |q (hardback) 
020 |a 0374172978  |q (hardback) 
024 8 |a 40026129037 
035 |a (OCoLC)918994995 
042 |a pcc 
050 0 0 |a PR9499.3.S975  |b H68 2016 
082 0 0 |a 823/.914  |2 23 
084 |a FIC019000  |a FIC045000  |2 bisacsh 
049 |a TXAM 
100 1 |a Syal, Meera,  |e author. 
245 1 4 |a The house of hidden mothers /  |c Meera Syal. 
250 |a First American edition. 
263 |a 1606 
264 1 |a New York :  |b Sarah Crichton Books/Farrar, Strauss and Giroux,  |c 2016. 
300 |a 421 pages ;  |c 24 cm 
336 |a text  |b txt  |2 rdacontent 
337 |a unmediated  |b n  |2 rdamedia 
338 |a volume  |b nc  |2 rdacarrier 
520 |a "A novel about a forty-eight-year-old woman, Shyama, whose decision to use a surrogate mother from India in order to have a child with her younger boyfriend causes her life to intersect with Mala's, a young girl trapped in an oppressive marriage in a rural village in India who dreams of escape"--  |c Provided by publisher. 
650 0 |a Surrogate mothers  |v Fiction. 
651 0 |a India  |v Fiction. 
650 7 |a FICTION  |x Literary.  |2 bisacsh 
650 7 |a FICTION  |x Family Life.  |2 bisacsh 
856 4 2 |3 Cover image  |u http://www.netread.com/jcusers2/bk1388/978/9780374172978/image/lgcover.9780374172978.jpg  |t 0 
945 |b 686671 
947 |a A14843432353 
994 |a 92  |b TXA 
948 |a Cataloged  |b h  |c 2016/6/30  |d c  |e AReeder 
999 f f |s ce0be269-4bf2-3f50-9992-7d04e1136938  |i 338f885f-2542-35ec-adcc-a0f12edde7da  |t 0 
952 f f |p normal  |a Texas A&M University  |b College Station  |c Sterling C. Evans Library  |d Evans: Library Stacks  |t 0  |e PR9499.3.S975 H68 2016  |h Library of Congress classification  |i unmediated -- volume  |m A14843432353 
998 f f |a PR9499.3.S975 H68 2016  |t 0  |l Evans: Library Stacks